Priemyselná politika ako nástroj hospodárskej politiky bakalárska práca

Saved in:
Bibliographic Details
Main Author: Čižmárik, Ján
Corporate Author: Národohospodárska fakulta EU. Katedra hospodárskej politiky
Other Authors: Lukáčik, Ján
Format: Book
Language:Slovak
Published: Bratislava 2009
Tags: Add Tag
No Tags, Be the first to tag this record!

MARC

LEADER 00000nam$a2200000$$$4500
001 0099037
005 20240319123844.0
041 0 |a slo 
044 |a SK 
245 1 0 |a Priemyselná politika ako nástroj hospodárskej politiky  |b bakalárska práca  |c Ján Čižmárik ; škol. Ján Lukáčik 
264 1 |a Bratislava  |c 2009 
300 |a 38 s. 
100 1 |a Čižmárik, Ján 
700 1 |a Lukáčik, Ján 
710 2 |a Národohospodárska fakulta EU. Katedra hospodárskej politiky